Selected essays on political economy.

Enregistré dans:
Détails bibliographiques
Auteur principal: Bastiat, Frédéric
Autres auteurs: Huszar, George B. de 1919-1968
Format: Livre
Publié: Princeton, N.J., Van Nostrand [1964]
Collection:The William Volker Fund series in the humane studies
Sujets:
Tags: Ajouter un tag
Pas de tags, Soyez le premier à ajouter un tag!

MARC

LEADER 00000cam a22000001 4500
020 |a 9789780870119  |c TZs 20,000/= 
040 |a MUL  |b eng.  |e AACR 
082 |a 335.080 BAS 
100 1 |a Bastiat, Frédéric, 
245 1 0 |a Selected essays on political economy.  |c Translated from the French by Seymour Cain. Edited by George B. de Huszar. 
260 |a Princeton, N.J.,  |b Van Nostrand  |c [1964] 
300 |a xiv, 352 p.  |c 24 cm. 
440 4 |a The William Volker Fund series in the humane studies 
504 |a Bibliographical references included in "Notes" (p. 325-335) Bibliographical footnotes. 
546 |a eng. 
650 0 |a Economics. 
700 1 |a Huszar, George B. de  |d 1919-1968, 
942 |c BK 
999 |c 8474  |d 8474